000 00762cam a22002415a 4500
001 L159414
008 170512s2017 xxk f 000 0 eng d
020 _a9781911040460
035 _a(Sirsi) u159414
041 0 _aeng
050 0 4 _a657.3 INT
110 2 _aInternational Accounting Standards Board
_94097
240 _aIFRS Standards 2017
245 0 0 _aInternational Financial Reporting Standards 2017 Part B
_bthe accompanying documents
260 _aLondon
_bIASB
_c2017
520 _aPart B includes the accompanying documents to the IFRS Standards included in Part A.c
590 _aKA
650 2 4 _aIFRS 16
650 2 4 _aINTERNATIONAL FINANCIAL REPORTING STANDARDS
651 4 _aInternational
690 _aFinance and taxation
942 _n0
999 _c115879
_d115879